Holiday Quiz

Random Holiday or Christmas Quiz

Obscure Knowledge - Santa's Reindeer Quiz Stats

 Plays Quiz Updated Dec 25, 2018

Support Sporcle.
Go Orange.
Score 0/8 Timer 02:00
18 Plays Today
Percent Guessed Reindeer % Correct
89.8%???
100%
89.3%???
96.1%
87.6%???
90.2%
86.0%???
75.5%
85.9%???
68.9%
85.1%???
52.4%
84.5%???
43%
79.1%???
31.8%

You're not logged in!

Compare scores with friends on all Sporcle quizzes.
OR
Log In
Forgot?

From the Vault

EUROPE but Not European

by Rackie

Eur-in for a good one here.
Remove Ads.
Support Sporcle.
Get the best of Sporcle when you Go Orange. This ad-free experience offers more features, more stats, and more fun while also helping to support Sporcle. Thank you for becoming a member.

Show Comments

Extras

Top Quizzes Today


Score Distribution

Your Account Isn't Verified!

In order to create a playlist on Sporcle, you need to verify the email address you used during registration. Go to your Sporcle Settings to finish the process.

Report this User

Report this user for behavior that violates our Community Guidelines.

Details: